01991nam a2200289Ia 4500008004100000040001800041041000800059100003400067242019500101245005900296246017300355250007800528260010800606300004500714500026000759504002201019505026401041506002201305520014301327546002101470600006401491650004401555650001501599650003701614700003301651700001701684130821s1602 it a gr lat  aCo-BoUCMbspa0 alat1 aBáñez, Domingod1528-160410aComentarios Escolásticos ...nTomo segundopIncluye la interpretación de las cuestiones restantes de la Primera Parte de la Suma Teológica del Doctor AngélicocDomingo Báñezyspa10aScholasticorum commentariorum fratris Dominici Bañes13a[Comentarios Escolásticos ...nTomo segundopIncluye la interpretación de las cuestiones restantes de la Primera Parte de la Suma Teológica del Doctor Angélico] aSumma diligentia nuper impressus [Recientemente impresa con sumo cuidado] aVenetiis [Venencia]bApud Iuntas [los Giunta] Apud Petrum Mariam Bertanum [Pedro María Bertano]c1602 a[16] páginas, 1322 col.bilustraciones aDetalles físicos: Encuadernación rígida en cartón forrado en pergamino de calidad, con un pequeño deterioro en el lomo. Conserva guardas, portada impresa a una sola tinta, en distintos tipos de letra con un grabado de la flor de lis. Texto impre aIncluye índice.0 aV.2: La creación de la creatura corporal. ; Creación y diversificación. ; Los siete días de la Creación: en particular y en conjunto. ; El hombre: esencia del alma. ; La unión alma-cuerpo. ; Potencias del alma. ; El libre albedrío. ; Modo y orde aConsulta en sala. aComentarios a la Suma Teológica de Santo Tomás, parte primera de la suma (continuación), desde la cuestión 65 a la Cuestión 119. aTexto en latín aTomás de AquinobSantod1225-1274vTeoríasvComentarios aEscolasticismoxObras anteriores a 1700 aTeología aTomismoxObras anteriores a 17001 aBertano, Pedro Maríaeimp.1 aGiuntaeimp.